A TikTok, mint social media platform az utazási döntések tükrében- Az X és Z generáció vizsgálata
| Szerző: | |
|---|---|
| További közreműködők: | |
| Dokumentumtípus: | Diplomadolgozat |
| Kulcsszavak: | közösségi média Tiktok turizmus utazás X generáció Z generáció |
| Online Access: | http://dolgozattar.uni-bge.hu/59438 |
MARC
| LEADER | 00000nta a2200000 i 4500 | ||
|---|---|---|---|
| 001 | dolg59438 | ||
| 005 | 20260409145043.0 | ||
| 008 | 260409suuuu hu om 000 hun d | ||
| 040 | |a BGE Dolgozattár Repozitórium |b hun | ||
| 041 | |a hu | ||
| 100 | 1 | |a Petrezselyem Panna Rebeka | |
| 245 | 1 | 2 | |a A TikTok, mint social media platform az utazási döntések tükrében- Az X és Z generáció vizsgálata |c Petrezselyem Panna Rebeka |h [elektronikus dokumentum] |
| 520 | 3 | |a A szakdolgozat célja a TikTok, mint social media platform hatásának vizsgálata az utazási döntésekre az X és Z generáció körében. Kutatásom során bemutatom a generációs különbségeket és hasonlóságokat, a TikTok algoritmusát, az influenszerek és trendek szerepét, valamint a turizmus és a közösségi média kapcsolatát. A kérdőíves adatgyűjtés alapján elemzem, hogy a TikTok miként formálja az utazási inspirációkat, és milyen mértékben befolyásolja a desztinációválasztást. A dolgozat végén további kutatási területekre is fény derül, mint például a turizmusban tevékenykedő vállalkozások fejlődési lehetősége, a tartalmak hasznosulása, vagy akár az influenszer-marketing hatékonysága. | |
| 695 | |a közösségi média | ||
| 695 | |a Tiktok | ||
| 695 | |a turizmus | ||
| 695 | |a utazás | ||
| 695 | |a X generáció | ||
| 695 | |a Z generáció | ||
| 700 | 1 | |a Horváth Vanda |e ths | |
| 856 | 4 | 0 | |u http://dolgozattar.uni-bge.hu/59438/1/Szakdolgozat.pdf |z Dokumentum-elérés |
| 856 | 4 | 0 | |u http://dolgozattar.uni-bge.hu/59438/2/B%C3%ADr%C3%A1lati%20lap_belso_opponens_BSc_Petrezselyem_Panna_Rebeka.pdf |z Dokumentum-elérés |
| 856 | 4 | 0 | |u http://dolgozattar.uni-bge.hu/59438/3/petrezselyem_panna_rebeka_opponens_nagy_gabriella.pdf |z Dokumentum-elérés |